<?xml version="1.0" encoding="UTF-8"?>
<record
    xmlns:xsi="http://www.w3.org/2001/XMLSchema-instance"
    xsi:schemaLocation="http://www.loc.gov/MARC21/slim http://www.loc.gov/standards/marcxml/schema/MARC21slim.xsd"
    xmlns="http://www.loc.gov/MARC21/slim">

  <leader>01681    a2200217   4500</leader>
  <controlfield tag="001">29582</controlfield>
  <controlfield tag="005">20260407155605.0</controlfield>
  <controlfield tag="008">260407a1979    arg                 spa d</controlfield>
  <controlfield tag="003">AR-UNSa-BCEJYS</controlfield>
  <datafield tag="040" ind1=" " ind2=" ">
    <subfield code="a">AR-UNSa-BCEJYS</subfield>
    <subfield code="b">spa</subfield>
    <subfield code="c">AR-UNSa-BCEJYS</subfield>
  </datafield>
  <datafield tag="080" ind1=" " ind2=" ">
    <subfield code="a">336.226.1</subfield>
    <subfield code="x">Impuestos a las ganancias o los beneficios (Impuesto Diferido)</subfield>
  </datafield>
  <datafield tag="245" ind1="1" ind2="0">
    <subfield code="a">Impuesto a las ganancias</subfield>
  </datafield>
  <datafield tag="250" ind1=" " ind2=" ">
    <subfield code="a">7a. ed</subfield>
  </datafield>
  <datafield tag="264" ind1=" " ind2="1">
    <subfield code="a">Buenos Aires :</subfield>
    <subfield code="b">Ediciones Contabilidad Moderna</subfield>
    <subfield code="c">1979</subfield>
  </datafield>
  <datafield tag="300" ind1=" " ind2=" ">
    <subfield code="a">2 v.</subfield>
    <subfield code="c">22 cm.</subfield>
  </datafield>
  <datafield tag="505" ind1=" " ind2=" ">
    <subfield code="a"> Volumen 1: 1. Teor&#xED;a general y antecedentes argentinos - 2.Objeto del impuesto - 3. Fuente argentina - 4. Clasificaci&#xF3;n y an&#xE1;lisis de las rentas imponibles - 5. Sujeto del impuesto - 6. Deducciones personales y exenciones - 7. Contabilidad Fiscal - 8. Normas generales sobre determinaci&#xF3;n de la renta - 9. Determinaci&#xF3;n de la renta en la primera categoria - 10. Determinaci&#xF3;n de la renta en la segunda categoria - 11. Determinaci&#xF3;n de la renta en la tercera categoria. Aspectos generales - 12. Amortizaciones - 13.Valuaci&#xF3;n de las mercaderias en los inventarios - 14. Malos creditos - 15. Previsiones y reservas - 16. Diferencias de cambio por operaciones en moneda extranjera - Volumen 2 - 17. El ajuste por inflaci&#xF3;n  - 18. Determinaci&#xF3;n dela renta en la cuarta categoria - 19. Incentivos a la inversi&#xF3;n - 20. Explotaciones agropecuarias - 21. Operaciones inmobiliarias y construcciones - 22. Rentas de las sociedades de capital y de sus accionistas - 23. La reorganizaci&#xF3;n de empresas - 24. Liquidaci&#xF3;n, ingresos y retenci&#xF3;n del impuesto
</subfield>
  </datafield>
  <datafield tag="041" ind1=" " ind2=" ">
    <subfield code="a">spa</subfield>
  </datafield>
  <datafield tag="942" ind1=" " ind2=" ">
    <subfield code="c">BK</subfield>
  </datafield>
  <datafield tag="590" ind1=" " ind2=" ">
    <subfield code="a">niveau_biblio:m niveau_hierar:0</subfield>
  </datafield>
  <datafield tag="100" ind1="1" ind2=" ">
    <subfield code="a">Reig, Enrique Jorge</subfield>
  </datafield>
  <datafield tag="999" ind1=" " ind2=" ">
    <subfield code="c">1898</subfield>
    <subfield code="d">1898</subfield>
  </datafield>
  <datafield tag="952" ind1=" " ind2=" ">
    <subfield code="0">0</subfield>
    <subfield code="1">0</subfield>
    <subfield code="4">0</subfield>
    <subfield code="7">0</subfield>
    <subfield code="a">BCEJYS</subfield>
    <subfield code="b">BCEJYS</subfield>
    <subfield code="c">16</subfield>
    <subfield code="d">2026-04-07</subfield>
    <subfield code="l">0</subfield>
    <subfield code="o">336.226.1 R361 v.1 7ed.</subfield>
    <subfield code="p">L28552</subfield>
    <subfield code="r">2026-04-07 15:56:05</subfield>
    <subfield code="w">2026-04-07</subfield>
    <subfield code="y">L</subfield>
  </datafield>
  <datafield tag="952" ind1=" " ind2=" ">
    <subfield code="0">0</subfield>
    <subfield code="1">0</subfield>
    <subfield code="4">0</subfield>
    <subfield code="7">0</subfield>
    <subfield code="a">BCEJYS</subfield>
    <subfield code="b">BCEJYS</subfield>
    <subfield code="c">16</subfield>
    <subfield code="d">2026-04-07</subfield>
    <subfield code="l">0</subfield>
    <subfield code="o">336.226.1 R361 v.1 7ed.</subfield>
    <subfield code="p">L28553</subfield>
    <subfield code="r">2026-04-07 15:56:05</subfield>
    <subfield code="w">2026-04-07</subfield>
    <subfield code="y">L</subfield>
  </datafield>
  <datafield tag="952" ind1=" " ind2=" ">
    <subfield code="0">0</subfield>
    <subfield code="1">0</subfield>
    <subfield code="4">0</subfield>
    <subfield code="7">0</subfield>
    <subfield code="a">BCEJYS</subfield>
    <subfield code="b">BCEJYS</subfield>
    <subfield code="c">16</subfield>
    <subfield code="d">2026-04-07</subfield>
    <subfield code="l">0</subfield>
    <subfield code="o">336.226.1 R361 v.1 7ed.</subfield>
    <subfield code="p">L28554</subfield>
    <subfield code="r">2026-04-07 15:56:05</subfield>
    <subfield code="w">2026-04-07</subfield>
    <subfield code="y">L</subfield>
  </datafield>
  <datafield tag="952" ind1=" " ind2=" ">
    <subfield code="0">0</subfield>
    <subfield code="1">0</subfield>
    <subfield code="4">0</subfield>
    <subfield code="7">0</subfield>
    <subfield code="a">BCEJYS</subfield>
    <subfield code="b">BCEJYS</subfield>
    <subfield code="c">16</subfield>
    <subfield code="d">2026-04-07</subfield>
    <subfield code="l">0</subfield>
    <subfield code="o">336.226.1 R361 v.2 7ed.</subfield>
    <subfield code="p">L28555</subfield>
    <subfield code="r">2026-04-07 15:56:05</subfield>
    <subfield code="w">2026-04-07</subfield>
    <subfield code="y">L</subfield>
  </datafield>
  <datafield tag="952" ind1=" " ind2=" ">
    <subfield code="0">0</subfield>
    <subfield code="1">0</subfield>
    <subfield code="4">0</subfield>
    <subfield code="7">0</subfield>
    <subfield code="a">BCEJYS</subfield>
    <subfield code="b">BCEJYS</subfield>
    <subfield code="c">16</subfield>
    <subfield code="d">2026-04-07</subfield>
    <subfield code="l">0</subfield>
    <subfield code="o">336.226.1 R361 v.2 7ed.</subfield>
    <subfield code="p">L28557</subfield>
    <subfield code="r">2026-04-07 15:56:05</subfield>
    <subfield code="w">2026-04-07</subfield>
    <subfield code="y">L</subfield>
  </datafield>
  <datafield tag="952" ind1=" " ind2=" ">
    <subfield code="0">0</subfield>
    <subfield code="1">0</subfield>
    <subfield code="4">0</subfield>
    <subfield code="7">0</subfield>
    <subfield code="a">BCEJYS</subfield>
    <subfield code="b">BCEJYS</subfield>
    <subfield code="c">16</subfield>
    <subfield code="d">2026-04-07</subfield>
    <subfield code="l">0</subfield>
    <subfield code="o">336.226.1 R361 v.2 7ed.</subfield>
    <subfield code="p">L28556</subfield>
    <subfield code="r">2026-04-07 15:56:05</subfield>
    <subfield code="w">2026-04-07</subfield>
    <subfield code="y">L</subfield>
  </datafield>
</record>
